| 000 | 00344nam a2200133Ia 4500 | ||
|---|---|---|---|
| 008 | 240624s9999 xx 000 0 und d | ||
| 041 | _aeng | ||
| 082 | _a658.8 GOD | ||
| 100 | _aGODSON MARK | ||
| 245 | _aRELATIONSHIP MARKETING | ||
| 260 |
_c2009 _aNew Delhi _bOxford University press |
||
| 300 | _axii, : 361 : p. : cm. ; 23 | ||
| 365 |
_cRS _b30 |
||
| 999 |
_c14657 _d14657 |
||